Central Library OPAC University of Rajshahi

Study of quantitative inheritance in some mutants of Rice / (Record no. 80724)

MARC details
000 -LEADER
fixed length control field 00905nam a22002537a 4500
001 - CONTROL NUMBER
RUCL Control Number 80724
003 - CONTROL NUMBER IDENTIFIER
rucl marc code BD-RjUL
005 - DATE AND TIME OF LATEST TRANSACTION
control field 20221106171416.0
008 - FIXED-LENGTH DATA ELEMENTS--GENERAL INFORMATION
fixed length control field 221106s1994 bg a|||| m||| 00| 0 eng d
035 ## - SYSTEM CONTROL NUMBER
system control number BD-RjUL80724
040 ## - CATALOGING SOURCE
Original cataloging agency BD-RjUL
Language of cataloging eng
Transcribing agency BD-RjUL
Modifying agency BD-RjUL
041 ## - LANGUAGE CODE
Language code of Book eng
082 ## - DEWEY DECIMAL CLASSIFICATION NUMBER
DDC Edition number 23
Classification number 633.18
Author mark and Year AZS 1994
100 ## - MAIN ENTRY--PERSONAL NAME
Personal name Azam, Md. Ali
9 (RLIN) 5739
245 10 - TITLE STATEMENT
Title Study of quantitative inheritance in some mutants of Rice /
Statement of responsibility, etc by Md. Ali Azam ;
Name of Supervisor/Co-Supervisor Supervisor : O. I. Joarder, Co-Supervisor : A. J. Miah
260 ## - PUBLICATION, DISTRIBUTION, ETC. (IMPRINT)
Place of publication, distribution, etc Rajshahi :
Name of publisher, distributor, etc Department of Botany, University of Rajshahi,
Date of publication, distribution, etc 1994
300 ## - PHYSICAL DESCRIPTION
Pagination [xii], 188 leaves :
Other physical details ill, ;
Dimensions 29.cm.
502 ## - DISSERTATION NOTE
Dissertation note Thesis (M. Phil.) -- Department of Botany, University of Rajshahi, 1994
504 ## - BIBLIOGRAPHY, ETC. NOTE
Bibliography, etc References : Leaves 174 - 188
650 ## - SUBJECT ADDED ENTRY--TOPICAL TERM
Topical term or geographic name as entry element Rice
700 ## - ADDED ENTRY--SUPERVISOR/CO-SUPERVISOR NAME
Personal name Joarder, O. I. Supervisor
9 (RLIN) 5586
Personal name Miah, A. J. Co-Supervisor
9 (RLIN) 5740
942 ## - ADDED ENTRY ELEMENTS (KOHA)
Source of classification or shelving scheme Dewey Decimal Classification
Koha item type Theses
Holdings
Source of classification or shelving scheme Damaged status Not for loan Collection code Permanent Location Current Location Shelving location Date of accession Source of acquisition Total Checkouts Full call number Barcode Date last seen Copy number Thesis
Dewey Decimal Classification   Not For Loan Theses Central Library, University of Rajshahi Central Library, University of Rajshahi Documentation Section 01/04/1995 Controller of Exam. R.U.   THE 633.18 AZS 1994 D1764 06/11/2022 C-1 Theses